000 00846nam a2200217Ia 4500
003 OSt
005 20241119101753.0
007 ca aa aaaaa
008 201103s9999 xx 000 0 und d
040 _cSSBUL
041 _abur
082 _223
_a၂၉၄.၃၆၃ ကျေ်
_b၉၁၆၄ S-SAT
100 0 _aကျော်၊ ဦး၊ ဆုထူးပန်-
245 1 0 _aဆုထူးပန်ဗုဒ္ဓဝင် /
_cဆုထူးပန်ဦးကျော်။
250 _aဒုတိယအကြိမ်။
260 _aရန်ကုန် ၊
_bစိန်ရတနာစာပေတိုက်၊
_c၁၉၇၃။
300 _aတ၊ ၂၁၅ စာမျက်နှာ ၊
_c၁၈ စင်တီ။
500 _aS-SAT: Dr. Sai Aung Tun
650 _aဗုဒ္ဓဝင်
942 _2ddc
_cBK1
999 _c41080
_d41080